Dnes: Jacqueline Bissetová Čo robím - keď nehrám?

Bibliographic Details
Main Author: Nová, Eva (Author)
Format: Article
Language:Slovak
Subjects:

MARC

LEADER 00000nab a2200000 a 4500
001 vtls000456969
003 SK-MaSNL
005 20260303213901.0
008 120926c1992 xo 0 slo
015 |a SNBRB19rr/mm-uuuuu 
035 |a CL0457100 
040 |a SNKBUCL  |b slo  |c SNKBUCL  |e AACR2 
041 0 |a slo 
044 |a xo  |c SK 
080 |a 791.44.071.2  |2 1981 
080 |a 929 Bisset, Jacqueline  |2 1981 
100 1 |a Nová, Eva  |4 aut  |9 942199 
245 1 0 |a Dnes: Jacqueline Bissetová  |b Čo robím - keď nehrám?  |c Eva Nová ; Jacqueline Bisset 
300 |b Fot. 1. 
600 1 7 |a Bisset, Jacqueline,  |d 1944-  |2 snkbucl  |9 54432 
655 7 |a články z novín a časopisov  |2 snkbucl  |9 267496 
773 0 |t Práca  |g Roč. 47, č. 151 (29. 6. 1992), s. 5 
850 |a Slovenská národná knižnica v Martine  |a MTA001 
852 |a SNK  |b KIS3GCP 
958 |a RK 
992 |a RBX 
999 |c 2214521  |d 2216451